000 00465nam a2200169 4500
001 132628
003 ES-MaACL
005 20230906194221.0
007 t|
008 070214s1974 sp r ||||1| spa d
100 1 _aRomano, David.
_999249
245 1 0 _aElementos y técnica del trabajo científico /
_cDavid Romano.
250 _a2ª. ed. corr.
260 _aBarcelona :
_bTeide,
_c1974.
300 _a151 p. ;
_c25 cm.
852 _aES-MaACL
_jC-52050
_bR.85305
999 _c132628
_d132628